Early gold mining on the Zimbabwean plateau (Record no. 18654)
[ view plain ]
| 000 -LEADER | |
|---|---|
| fixed length control field | 00563nam a2200193Ia 4500 |
| 003 - CONTROL NUMBER IDENTIFIER | |
| control field | 0100 |
| 005 - DATE AND TIME OF LATEST TRANSACTION | |
| control field | 20190124091145.0 |
| 008 - FIXED-LENGTH DATA ELEMENTS--GENERAL INFORMATION | |
| fixed length control field | 130303s9999 xx 000 0 und d |
| 040 ## - CATALOGING SOURCE | |
| Transcribing agency | ARRUPELIB |
| 050 ## - LIBRARY OF CONGRESS CALL NUMBER | |
| Classification number | HD9585.S24 1994 |
| 300 ## - PHYSICAL DESCRIPTION | |
| Dimensions | 25cm. |
| 100 ## - MAIN ENTRY--PERSONAL NAME | |
| Personal name | Swan, Lorraine |
| 9 (RLIN) | 44109 |
| 245 ## - TITLE STATEMENT | |
| Title | Early gold mining on the Zimbabwean plateau |
| Remainder of title | changing patterns of gold production in the first and second millennia AD |
| Statement of responsibility, etc | Lorraine |
| 260 ## - PUBLICATION, DISTRIBUTION, ETC. (IMPRINT) | |
| Place of publication, distribution, etc | Uppsala |
| 260 ## - PUBLICATION, DISTRIBUTION, ETC. (IMPRINT) | |
| Name of publisher, distributor, etc | Societas Archaeologica Upsaliensis |
| 260 ## - PUBLICATION, DISTRIBUTION, ETC. (IMPRINT) | |
| Date of publication, distribution, etc | 1994 |
| 300 ## - PHYSICAL DESCRIPTION | |
| Extent | 181 p. ; |
| 440 ## - SERIES STATEMENT/ADDED ENTRY--TITLE | |
| Title | Studies in African Archaeology 9 |
| 9 (RLIN) | 44110 |
| 650 ## - SUBJECT ADDED ENTRY--TOPICAL TERM | |
| Topical term or geographic name as entry element | Gold |
| General subdivision | Mines and mining |
| Geographic subdivision | Zimbabwe |
| 9 (RLIN) | 44111 |
| 700 ## - ADDED ENTRY--PERSONAL NAME | |
| Personal name | Lorraine Swan |
| 9 (RLIN) | 44112 |
| 942 ## - ADDED ENTRY ELEMENTS (KOHA) | |
| Source of classification or shelving scheme | Library of Congress Classification |
| Koha item type | Monograph ( Printed materials) |
| Withdrawn status | Lost status | Source of classification or shelving scheme | Damaged status | Not for loan | Collection code | Home library | Current library | Shelving location | Date acquired | Total Checkouts | Full call number | Barcode | Date last seen | Copy number | Price effective from | Koha item type |
|---|---|---|---|---|---|---|---|---|---|---|---|---|---|---|---|---|
| Library of Congress Classification | Main Collection | ARRUPE LIBRARY | ARRUPE LIBRARY | Main Collection | 04/03/2013 | HD9585.S24 1994 | 46003045082 | 08/05/2018 | 1 | 04/03/2013 | Monograph ( Printed materials) | |||||
| Library of Congress Classification | SPECIAL Collection | ARRUPE LIBRARY | ARRUPE LIBRARY | REFERENCE | 24/01/2019 | SPC. HD9585.S24 1994 | 46600003393 | 24/01/2019 | 24/01/2019 | SPC |